Siervos de cristo: meditaciones en torno al sacerdocio
Saved in:
| Hovedforfatter: | |
|---|---|
| Format: | Bog |
| Sprog: | spansk |
| Udgivet: |
Barcelona
Herder
1970
|
| Fag: | |
| Tags: |
Tilføj Tag
Ingen Tags, Vær først til at tagge denne postø!
|
MARC
| LEADER | 00000nam a2200000 a 4500 | ||
|---|---|---|---|
| 001 | UCR2033 | ||
| 003 | CL-VaPUC | ||
| 008 | 980109e19700000SP |||||||||||||||||spa|d | ||
| 082 | 0 | 4 | |a 253.2 |b RAH |2 21 |
| 100 | 0 | |a Rahner, Karl |e author |9 314306 | |
| 245 | 1 | 0 | |a Siervos de cristo: meditaciones en torno al sacerdocio |
| 300 | |a 265 p | ||
| 942 | |c BK | ||
| 945 | |d 19980109 00:00:00 |a jquezada | ||
| 260 | |a Barcelona |b Herder |c 1970 | ||
| 600 | 0 | |a Iglesia católica |9 255129 | |
| 650 | 0 | |a Teología pastoral |9 257832 | |
| 650 | 0 | |a Sacerdocio |9 319738 | |
| 650 | 0 | |a Fe |9 308036 | |
| 650 | 7 | |a SANTIDAD |2 CL-VaPUC |9 394686 | |
| 650 | 7 | |a CONVERSION |2 CL-VaPUC |9 310975 | |
| 650 | 7 | |a CELIBATO |2 CL-VaPUC |9 334066 | |
| 650 | 7 | |a CONFESION |2 CL-VaPUC |9 314483 | |
| 650 | 0 | |a Orden sacerdotal |9 399612 | |
| 583 | |a last modification |c 19980109 00:00:00 |k Rodrigo Vera | ||
| 999 | |c 265310 |d 265308 | ||
| 952 | |0 0 |1 0 |4 0 |6 253_200000000000000_RAH_1970 |7 0 |8 A |9 296181 |a BIBTEO |b BIBTEO |d 2019-11-20 |i 3382494 |o 253.2 RAH 1970 |p 3382494 |r 2025-01-17 |w 2019-11-20 |y BK |k ICR | ||